[Event "Valdepenas U1600 1st op"]
[Site "Valdepenas"]
[Date "2019.07.28"]
[Round "5.6"]
[White "Simon Escalona, Irene"]
[Black "Lozano Toledo, Jesus"]
[Result "0-1"]
[WhiteElo "1447"]
[BlackElo "1360"]
[PlyCount "100"]
[EventDate "2019.07.27"]
[EventType "swiss (rapid)"]
[EventRounds "7"]
[EventCountry "ESP"]
[SourceTitle "EXT 2024"]
[Source "ChessBase"]
[SourceDate "2023.10.10"]
[SourceVersion "1"]
[SourceVersionDate "2023.10.10"]
[SourceQuality "1"]

1. d4 Nf6 2. Nc3 d5 3. Bf4 Bf5 4. f3 e6 5. g4 Bg6 6. h4 h6 7. e3 Bd6 8. Bd3 Bxf4 9. exf4 Bxd3 10. Qxd3 Qd6 11. Nge2 Nbd7 12. 0-0-0 c5 13. Qe3 0-0-0 14. dxc5 Qxc5 15. Qxc5+ Nxc5 16. Nd4 Nfd7 17. Rhe1 a6 18. b4 e5 19. fxe5 Ne6 20. Nxd5 Nxd4 21. Rxd4 Rhe8 22. Rde4 Nf8 23. Nb6+ Kc7 24. Nc4 Ng6 25. h5 Nh4 26. f4 Nf3 27. R1e3 Rd4 28. Rxd4 Nxd4 29. Nd6 Re7 30. c3 Ne6 31. Nf5 Rd7 32. Rf3 b5 33. Nd6 g5 34. fxg5 Nxg5 35. Rf6 Re7 36. Rxh6 Rxe5 37. Nf5 Re6 38. Rh8 Re1+ 39. Kd2 Ra1 40. h6 Rxa2+ 41. Kc1 Rh2 42. Ra8 Rh1+ 43. Kb2 Kb7 44. Rg8 f6 45. Rg6 Ne4 46. Rg7+ Kb6 47. Re7 Rh2+ 48. Kb3 Nd2+ 49. Ka3 Nc4+ 50. Kb3 Rb2# 0-1

[Event "Valdepenas U1600 1st op"]
[Site "Valdepenas"]
[Date "2019.07.27"]
[Round "2.8"]
[White "Carrilero Moya, Pablo"]
[Black "Simon Escalona, Irene"]
[Result "1-0"]
[WhiteElo "1251"]
[BlackElo "1447"]
[PlyCount "79"]
[EventDate "2019.07.27"]
[EventType "swiss (rapid)"]
[EventRounds "7"]
[EventCountry "ESP"]
[SourceTitle "EXT 2024"]
[Source "ChessBase"]
[SourceDate "2023.10.10"]
[SourceVersion "1"]
[SourceVersionDate "2023.10.10"]
[SourceQuality "1"]

1. e4 e5 2. Nf3 Nc6 3. Bc4 Bc5 4. c3 Nf6 5. d4 exd4 6. e5 d5 7. Bb5 Ne4 8. Bxc6+ bxc6 9. cxd4 Bb6 10. 0-0 0-0 11. Nbd2 Bg4 12. Qa4 Nxd2 13. Nxd2 c5 14. dxc5 Bd7 15. Qd4 Ba5 16. b4 Bxb4 17. Qxb4 Re8 18. Qd4 c6 19. Bb2 Re6 20. f4 f5 21. exf6 Rxf6 22. Rf3 Qe7 23. Rg3 Raf8 24. Re3 Qf7 25. Rf1 Rg6 26. Rff3 Bf5 27. Rg3 Be4 28. Rxg6 Bxg6 29. Rg3 Qe7 30. Re3 Qd7 31. Rg3 Qe7 32. h4 Rf6 33. Re3 Qd7 34. Qe5 Qg4 35. Qg5 Qd1+ 36. Nf1 Rf8 37. Qe7 d4 38. Qe5 Re8 39. Qxd4 Qxd4 40. Bxd4 1-0